00337nam a2200133Ia 4500020001800000082001600018245003300034260004200067300001500109650001400124700002500138700002000163700002000183 a9780198714620 aRR 158 OXF; 0aOxford handbook of happiness aOxfordbOxford University Pressc2013 axxx, 1097p aHAPPINESS aAyers, Amanda Conley aBoniwell, Ilona aDavid, Susan A.